000 03643cam a2201237M 4500
003 PE-LiUPU
005 20250813185323.0
008 160504s2008 sp 001 0 spa d
020 _a8446029871
020 _a9788446029878
035 _a(Sirsi) i9788446029878
040 _aPE-LiUPU
_bspa
_cPE-LiUPU
_erda
041 1 _aspa
_hfre
049 _aPRUA
082 0 4 _a301
_bB77
_222
100 1 _aBourdieu, Pierre,
_eautor.
245 1 0 _aCuestiones de sociología /
_cPierre Bourdieu; traducción, Enrique Martín Criado.
264 1 _aMadrid :
_bIstmo,
_c2011.
300 _a272 páginas.
_c18 centímetros.
336 _atext
_2rdacontent
337 _aunmediated
_2rdamedia
338 _avolume
_2rdacarrier
490 1 _aAkal/Istmo básica de bolsillo
_v169
504 _aIndice: páginas 266-272.
505 _aEl arte de resistir a las palabras -- una ciencia que molesta -- el sociólogo cuestionado -- ¿Están los intelectuales al margen? -- ¿Cómo liberar a los intelectuales libres? -- Por una sociología de los sociólogos -- la paradoja del sociólogo -- Lo que significa hablar -- Algunas propiedades de los campos -- El mercado lingüistico -- La censura -- La <<juventud>> sólo es una palabra -- El origen y la evolución de las especies de malómanos -- La metaformósis de los gustos -- ¿Cómo se puede ser deportivo? -- Alta costura y alta cultura -- Pero ¿Quién creo a los creadores? -- La opinión pública no existe -- Cultura y política -- La huelga y la acción política -- El racismo de la inteligencia -- Índice temático.
526 _aP202
526 _aP201
526 _aP163
526 _aP162
526 _aP161
526 _aP160
526 _aP148
526 _aP147
526 _aP146
526 _aP145
526 _aP144
526 _aP143
526 _aP142
526 _aP141
526 _aP140
526 _aP139
526 _aP138
526 _aP137
526 _aP136
526 _aP135
526 _aP134
526 _aP133
526 _aP129
526 _aP128
526 _aP127
526 _aP120
526 _aP119
526 _aP118
526 _aP116
526 _aP115
526 _aP114
526 _aP110
526 _aP109
526 _aP108
526 _aP104
526 _aP103
526 _aP102
526 _aP99
526 _aP98
526 _aP97
526 _aP96
526 _aP95
526 _aP93
526 _aP90
526 _aP89
526 _aP88
526 _aP83
526 _aP82
526 _aP62
526 _aP59
526 _aP58
526 _aP57
526 _aP51
526 _aP49
526 _aP48
526 _aP47
526 _aP29
526 _aP24
526 _aP20
526 _aP19
526 _aP17
526 _aP15
526 _aP14
526 _aP12
526 _aP10
526 _aP09
526 _aP08
526 _aP07
526 _aP06
526 _aP05
526 _aP04
526 _aP01
534 _pTítulo original :
_tQuestions de sociologie.
541 _g0020-0000433;
650 0 4 _aSociología.
942 _2ddc
_cBOOK
949 _a301 B77
_wDEWEY
_c1
_i72929
_lCCODEBUL1
_mBUL
_r0
_sY
_tBOOK
_u2016-5-4
_xINGENIERIA
_PP06
_0COMPRA
_o.STAFF. Colecci©đn General
994 _aC0
_bPEPRU
596 _a1
999 _a301 B77
_wDEWEY
_c9269
_i72929
_d9269
_e2022-7-12
_f2021-11-4
_g7
_lCCODEBUL1
_mBUL
_n2
_q1
_r0
_sY
_tBOOK
_u2016-5-4
_xBIBLIOTECA
_PP06
_0COMPRA
_o.STAFF. Colecci©đn General
980 _81
_gALBERTO SANCHEZ Responsable de Automatización